000 00561nam a2200121Ia 4500
008 220620s9999||||xx |||||||||||||| ||und||
100 _aJacob, Frank
245 0 _aRosa Luxemburg
_bLiving and Thinking the Revolution
546 _aEnglish[eng]
650 _aRosa Luxemburg||Revolution||Lenin||Karl Liebknecht||Revolution 1905||Revolution 1917||Russische Revolution||Imperialismus||Eduard Bernstein||Revolutionäre Praxis||Theorie der Revolution
856 _uhttps://www.buechner-verlag.de/wp/wp-content/uploads/2021/01/9783963172496_hp_gross.jpg
942 _cEB
999 _c31619
_d31619